[Event "XLI Open Internacional de Barberà del Vallès "A""]
[Site "C/ Torre d’en Gorgs, nº 40, Barberà del Vallès (Barcelona)"]
[Date "2018.07.10"]
[Round "7.1"]
[White "Iniyan, P"]
[Black "Oliva Castaneda, Kevel"]
[Result "*"]
[WhiteElo "2451"]
[BlackElo "2491"]
[PlyCount "0"]
[EventDate "2018.07.04"]

1. d4 {[%clk 1:30:40]} Nf6 {[%clk 1:30:50]} 2. c4 {[%clk 1:31:02]} c5
{[%clk 1:31:15]} 3. d5 {[%clk 1:31:24]} g6 {[%clk 1:31:35]} 4. Nc3
{[%clk 1:31:46]} Bg7 {[%clk 1:31:59]} 5. e4 {[%clk 1:31:12]} O-O {[%clk 1:32:22]}
6. Nf3 {[%clk 1:24:22]} d6 {[%clk 1:32:13]} 7. Be2 {[%clk 1:23:41]} Na6
{[%clk 1:27:42]} 8. h3 {[%clk 1:19:08]} Nc7 {[%clk 1:27:37]} 9. Bf4
{[%clk 1:19:24]} a6 {[%clk 1:10:21]} 10. O-O {[%clk 1:13:46]} Nd7
{[%clk 1:09:13]} 11. a4 {[%clk 1:12:43]} b6 {[%clk 1:07:15]} 12. Qd2
{[%clk 1:12:35]} Re8 {[%clk 1:07:39]} 13. Nh2 {[%clk 1:00:32]} e5
{[%clk 1:01:13]} 14. dxe6 {[%clk 0:48:06]} Nxe6 {[%clk 1:01:35]} 15. Bxd6
{[%clk 0:48:31]} Nd4 {[%clk 1:01:00]} 16. Rad1 {[%clk 0:48:41]} Bb7
{[%clk 0:56:34]} 17. Bd3 {[%clk 0:45:32]} Ne5 {[%clk 0:47:57]} 18. Bxe5
{[%clk 0:45:54]} Rxe5 {[%clk 0:47:50]} 19. f4 {[%clk 0:35:20]} Re8
{[%clk 0:47:26]} 20. e5 {[%clk 0:33:39]} f5 {[%clk 0:43:14]} 21. Be2
{[%clk 0:33:03]} Bh6 {[%clk 0:42:27]} 22. Bf3 {[%clk 0:20:57]} Nxf3+
{[%clk 0:32:23]} 23. Nxf3 {[%clk 0:21:14]} Qxd2 {[%clk 0:32:20]} 24. Nxd2
{[%clk 0:20:37]} Rad8 {[%clk 0:32:47]} 25. h4 {[%clk 0:18:33]} Rd4
{[%clk 0:24:56]} 26. g3 {[%clk 0:18:52]} Bf8 {[%clk 0:23:18]} 27. Kf2
{[%clk 0:13:10]} Rd3 {[%clk 0:19:55]} 28. Rfe1 {[%clk 0:12:09]} Red8
{[%clk 0:19:33]} 29. Nf1 {[%clk 0:12:23]} b5 {[%clk 0:15:41]} 30. axb5
{[%clk 0:04:37]} axb5 {[%clk 0:16:06]} 31. Rxd3 {[%clk 0:05:01]} Rxd3
{[%clk 0:16:29]} 32. Nxb5 {[%clk 0:05:27]} Rf3+ {[%clk 0:16:02]} 33. Kg1
{[%clk 0:05:52]} Rb3 {[%clk 0:16:24]} 34. Re2 {[%clk 0:06:15]} Be4
{[%clk 0:16:15]} 35. Rd2 {[%clk 0:04:29]} Rf3 {[%clk 0:12:12]} 36. Rd7
{[%clk 0:03:02]} Bd3 {[%clk 0:12:11]} 37. Kg2 {[%clk 0:02:57]} Be4
{[%clk 0:12:30]} 38. Kg1 {[%clk 0:03:23]} Bd3 {[%clk 0:12:56]} 39. Nd2
{[%clk 0:03:47]} Rxg3+ {[%clk 0:12:48]} 40. Kf2 {[%clk 0:02:43]} Rh3
{[%clk 0:13:13]} 41. Kg2 {[%clk 0:03:06]} Re3 {[%clk 0:13:38]} 42. Nc3
{[%clk 0:03:29]} Bh6 {[%clk 0:12:52]} 43. Nd5 {[%clk 0:03:38]} Re2+
{[%clk 0:13:01]} 44. Kg3 {[%clk 0:04:01]} Kf8 {[%clk 0:11:45]} 45. Rd8+
{[%clk 0:02:19]} Kf7 {[%clk 0:12:09]} 46. Rd7+ {[%clk 0:02:44]} Kf8
{[%clk 0:12:34]} 47. Nf6 {[%clk 0:01:06]} Re3+ {[%clk 0:12:49]} 48. Nf3
{[%clk 0:01:30]} Be4 {[%clk 0:11:33]} 49. Nxh7+ {[%clk 0:01:33]} Ke8
{[%clk 0:11:58]} 50. Nf6+ {[%clk 0:01:58]} Kf8 {[%clk 0:12:19]} 51. Nh7+
{[%clk 0:00:53]} Ke8 {[%clk 0:12:43]} 52. Nf6+ {[%clk 0:01:19]} Kf8
{[%clk 0:13:02]} 53. Nh7+ {[%clk 0:00:41]} 1/2-1/2

[Event "XLI Open Internacional de Barberà del Vallès "A""]
[Site "C/ Torre d’en Gorgs, nº 40, Barberà del Vallès (Barcelona)"]
[Date "2018.07.10"]
[Round "7.3"]
[White "Asis Gargatagli, Hipolito"]
[Black "Kadam, Om Manish"]
[Result "*"]
[WhiteElo "2538"]
[BlackElo "1836"]
[PlyCount "0"]
[EventDate "2018.07.04"]

1. e4 {[%clk 1:20:12]} c5 {[%clk 1:30:54]} 2. Nf3 {[%clk 1:20:24]} d6
{[%clk 1:31:19]} 3. d4 {[%clk 1:20:50]} cxd4 {[%clk 1:31:45]} 4. Nxd4
{[%clk 1:21:15]} Nf6 {[%clk 1:32:09]} 5. Nc3 {[%clk 1:21:40]} a6 {[%clk 1:32:36]}
6. f3 {[%clk 1:21:48]} e5 {[%clk 1:32:50]} 7. Nb3 {[%clk 1:22:09]} Be7
{[%clk 1:33:13]} 8. Be3 {[%clk 1:22:33]} Be6 {[%clk 1:33:16]} 9. Qd2
{[%clk 1:22:57]} O-O {[%clk 1:33:33]} 10. O-O-O {[%clk 1:23:20]} Nbd7
{[%clk 1:33:59]} 11. g4 {[%clk 1:23:23]} b5 {[%clk 1:34:02]} 12. a3
{[%clk 1:17:51]} Nb6 {[%clk 1:22:14]} 13. Na5 {[%clk 1:15:52]} Qc7
{[%clk 1:15:34]} 14. g5 {[%clk 1:08:25]} Nfd7 {[%clk 1:09:27]} 15. h4
{[%clk 1:05:06]} Rac8 {[%clk 1:07:54]} 16. Kb1 {[%clk 0:55:28]} Rfd8
{[%clk 1:04:33]} 17. Nd5 {[%clk 0:53:44]} Nxd5 {[%clk 1:02:23]} 18. exd5
{[%clk 0:54:09]} Bxd5 {[%clk 1:02:39]} 19. Qxd5 {[%clk 0:54:34]} Qxa5
{[%clk 1:03:06]} 20. Bd3 {[%clk 0:41:22]} Qc7 {[%clk 0:58:08]} 21. h5
{[%clk 0:33:56]} Rf8 {[%clk 0:33:43]} 22. Bf5 {[%clk 0:29:01]} Rb8
{[%clk 0:30:09]} 23. Qe4 {[%clk 0:13:54]} Nc5 {[%clk 0:29:13]} 24. Qg4
{[%clk 0:12:56]} g6 {[%clk 0:21:31]} 25. hxg6 {[%clk 0:09:51]} fxg6
{[%clk 0:21:44]} 26. Qh3 {[%clk 0:10:06]} Bd8 {[%clk 0:13:31]} 27. Bxc5
{[%clk 0:10:19]} dxc5 {[%clk 0:13:32]} 1-0

[Event "XLI Open Internacional de Barberà del Vallès "A""]
[Site "C/ Torre d’en Gorgs, nº 40, Barberà del Vallès (Barcelona)"]
[Date "2018.07.10"]
[Round "7.4"]
[White "Aguero Jimenez, Luis Lazaro"]
[Black "Perez Mitjans, Orelvis"]
[Result "*"]
[WhiteElo "2473"]
[BlackElo "2399"]
[PlyCount "0"]
[EventDate "2018.07.04"]

1. Nf3 {[%clk 1:30:57]} Nf6 {[%clk 1:27:22]} 2. g3 {[%clk 1:31:21]} d5
{[%clk 1:27:46]} 3. Bg2 {[%clk 1:31:41]} e6 {[%clk 1:28:09]} 4. O-O
{[%clk 1:32:05]} Be7 {[%clk 1:28:34]} 5. d3 {[%clk 1:32:20]} O-O {[%clk 1:28:49]}
6. Nbd2 {[%clk 1:32:46]} c5 {[%clk 1:29:15]} 7. e4 {[%clk 1:33:12]} Nc6
{[%clk 1:29:41]} 8. Re1 {[%clk 1:33:31]} b5 {[%clk 1:30:02]} 9. e5
{[%clk 1:33:53]} Nd7 {[%clk 1:30:27]} 10. Nf1 {[%clk 1:34:17]} b4
{[%clk 1:30:32]} 11. h4 {[%clk 1:34:11]} a5 {[%clk 1:30:54]} 12. N1h2
{[%clk 1:33:42]} Ba6 {[%clk 1:30:40]} 13. Bf4 {[%clk 1:33:50]} a4
{[%clk 1:22:39]} 14. a3 {[%clk 1:32:43]} bxa3 {[%clk 1:22:13]} 15. bxa3
{[%clk 1:33:12]} Rb8 {[%clk 1:21:28]} 16. h5 {[%clk 1:29:07]} Rb2
{[%clk 1:15:00]} 17. h6 {[%clk 1:28:43]} g6 {[%clk 1:15:25]} 18. Ng4
{[%clk 1:25:36]} Nd4 {[%clk 1:14:13]} 19. Bc1 {[%clk 1:19:45]} Rb8
{[%clk 1:02:16]} 20. Be3 {[%clk 1:16:48]} Nf5 {[%clk 0:48:00]} 21. Bf4
{[%clk 1:16:43]} Rb2 {[%clk 0:47:05]} 22. Qc1 {[%clk 0:36:51]} Qb6
{[%clk 0:43:40]} 23. c4 {[%clk 0:36:59]} dxc4 {[%clk 0:41:46]} 24. dxc4
{[%clk 0:37:20]} Nd4 {[%clk 0:41:41]} 25. Bg5 {[%clk 0:35:47]} Rc2
{[%clk 0:19:27]} 26. Qe3 {[%clk 0:20:39]} Bxg5 {[%clk 0:18:36]} 27. Qxg5
{[%clk 0:21:04]} Qd8 {[%clk 0:19:01]} 28. Qe3 {[%clk 0:20:46]} Rxc4
{[%clk 0:18:32]} 29. Red1 {[%clk 0:20:19]} Rc3 {[%clk 0:03:05]} 30. Qxc3
{[%clk 0:19:03]} Ne2+ {[%clk 0:03:28]} 31. Kh2 {[%clk 0:19:23]} Nxc3
{[%clk 0:03:56]} 32. Rxd7 {[%clk 0:19:48]} Qb8 {[%clk 0:04:08]} 33. Nf6+
{[%clk 0:19:50]} Kh8 {[%clk 0:04:38]} 34. Ng5 {[%clk 0:20:08]} Nd5
{[%clk 0:04:14]} 35. Bxd5 {[%clk 0:20:05]} 1-0

[Event "XLI Open Internacional de Barberà del Vallès "A""]
[Site "C/ Torre d’en Gorgs, nº 40, Barberà del Vallès (Barcelona)"]
[Date "2018.07.10"]
[Round "7.5"]
[White "Gonzales, Jayson"]
[Black "Guliyev, Namig"]
[Result "*"]
[WhiteElo "2367"]
[BlackElo "2545"]
[PlyCount "0"]
[EventDate "2018.07.04"]

1. Nf3 {[%clk 1:29:59]} d5 {[%clk 1:30:54]} 2. c4 {[%clk 1:29:56]} d4
{[%clk 1:31:18]} 3. b4 {[%clk 1:28:55]} g6 {[%clk 1:32:05]} 4. Bb2
{[%clk 1:26:46]} Bg7 5. e3 {[%clk 1:26:18]} e5 {[%clk 1:32:30]} 6. exd4
{[%clk 1:25:45]} exd4 7. d3 Ne7 {[%clk 1:28:37]} 8. Nbd2 {[%clk 1:24:55]} a5 9.
a3 {[%clk 1:25:10]} O-O {[%clk 1:25:45]} 10. Be2 {[%clk 1:23:00]} Na6
{[%clk 1:24:24]} 11. Nb3 {[%clk 1:19:59]} c5 {[%clk 1:18:24]} 12. b5
{[%clk 1:18:46]} a4 13. Nbd2 Nc7 {[%clk 1:18:24]} 14. O-O {[%clk 1:18:55]} b6
{[%clk 1:18:13]} 15. Ne1 {[%clk 1:15:52]} g5 {[%clk 1:13:53]} 16. Ne4
{[%clk 1:05:46]} Ng6 {[%clk 1:12:53]} 17. Bc1 {[%clk 1:01:07]} Ne6
{[%clk 1:07:16]} 18. Ng3 {[%clk 1:01:21]} f5 19. Bf3 {[%clk 1:01:42]} Ra7
{[%clk 1:07:38]} 20. Bd5 {[%clk 1:00:04]} Kh8 {[%clk 1:06:09]} 21. Nh5
{[%clk 0:57:58]} f4 {[%clk 0:57:39]} 22. Ra2 {[%clk 0:43:35]} g4 {[%clk 0:53:58]}
23. Re2 {[%clk 0:40:33]} Ng5 {[%clk 0:50:44]} 24. f3 {[%clk 0:36:24]} gxf3
{[%clk 0:46:22]} 25. Nxf3 {[%clk 0:33:29]} Bg4 {[%clk 0:46:07]} 26. Nxg7 Rxg7
{[%clk 0:45:16]} 27. Kh1 {[%clk 0:32:53]} Ne7 28. Be4 {[%clk 0:27:08]} Nxe4
{[%clk 0:44:21]} 29. Rxe4 {[%clk 0:22:47]} Ng6 {[%clk 0:43:29]} 30. Qc2
{[%clk 0:16:06]} Bc8 {[%clk 0:43:43]} 31. Ree1 {[%clk 0:16:16]} Bb7 32. Qf2
{[%clk 0:16:18]} Rfg8 {[%clk 0:42:37]} 33. Rg1 {[%clk 0:15:13]} Qf6
{[%clk 0:38:16]} 34. Re2 {[%clk 0:13:45]} Ne5 {[%clk 0:38:09]} 35. Nxe5
{[%clk 0:14:08]} Rxg2 36. Rxg2 {[%clk 0:14:30]} Rxg2 {[%clk 0:38:29]} 37. Qxg2
{[%clk 0:14:53]} Bxg2+ {[%clk 0:38:17]} 38. Kxg2 {[%clk 0:14:44]} f3+
{[%clk 0:38:45]} 39. Nxf3 {[%clk 0:14:32]} Qg6+ {[%clk 0:39:11]} 40. Kf2
{[%clk 0:13:37]} h6 {[%clk 0:39:13]} 41. Re4 {[%clk 0:13:20]} Kg8
{[%clk 0:38:22]} 42. Bf4 {[%clk 0:10:49]} h5 {[%clk 0:38:11]} 43. Bg5
{[%clk 0:10:44]} Qd6 {[%clk 0:38:27]} 44. Kg2 {[%clk 0:10:30]} Qd7
{[%clk 0:38:20]} 45. h3 {[%clk 0:10:49]} Qc8 {[%clk 0:38:41]} 46. Kg3
{[%clk 0:10:26]} Qf5 {[%clk 0:38:22]} 47. Bf4 {[%clk 0:10:27]} Qg6+
{[%clk 0:38:24]} 48. Ng5 {[%clk 0:10:34]} Kf8 {[%clk 0:38:44]} 49. Kh4
{[%clk 0:10:34]} Kg8 {[%clk 0:37:27]} 50. Re6 {[%clk 0:07:38]} Qxd3
{[%clk 0:36:10]} 51. Kxh5 {[%clk 0:07:43]} Kf8 52. Kh6 1-0

[Event "XLI Open Internacional de Barberà del Vallès "A""]
[Site "C/ Torre d’en Gorgs, nº 40, Barberà del Vallès (Barcelona)"]
[Date "2018.07.10"]
[Round "7.6"]
[White "Martinez Alcantara, Jose Eduardo"]
[Black "Mohammad, Nubairshah Shaikh"]
[Result "*"]
[WhiteElo "2545"]
[BlackElo "2441"]
[PlyCount "0"]
[EventDate "2018.07.04"]

1. e4 {[%clk 1:25:23]} c6 {[%clk 1:30:58]} 2. d4 {[%clk 1:25:35]} d5
{[%clk 1:31:25]} 3. e5 {[%clk 1:26:01]} Bf5 {[%clk 1:28:33]} 4. Nf3
{[%clk 1:26:24]} e6 {[%clk 1:29:02]} 5. Be2 {[%clk 1:26:47]} Ne7 {[%clk 1:23:28]}
6. Nbd2 {[%clk 1:26:59]} c5 {[%clk 1:19:22]} 7. c3 {[%clk 1:23:33]} Nec6
{[%clk 1:17:21]} 8. Nb3 {[%clk 1:22:30]} c4 {[%clk 1:12:01]} 9. Nbd2
{[%clk 1:21:43]} b5 {[%clk 0:53:56]} 10. Nf1 {[%clk 1:17:42]} h6 {[%clk 0:48:42]}
11. Ng3 {[%clk 1:18:02]} Bh7 {[%clk 0:47:59]} 12. O-O {[%clk 1:17:39]} Nd7
{[%clk 0:32:12]} 13. Be3 {[%clk 1:11:55]} b4 {[%clk 0:29:05]} 14. Nh5
{[%clk 1:02:32]} bxc3 {[%clk 0:23:07]} 15. bxc3 {[%clk 1:02:59]} Qa5
{[%clk 0:23:35]} 16. Qe1 {[%clk 0:52:30]} Rb8 {[%clk 0:23:41]} 17. Kh1
{[%clk 0:49:37]} Rb2 {[%clk 0:09:11]} 18. a4 {[%clk 0:49:56]} Nb6
{[%clk 0:07:49]} 19. Bd1 {[%clk 0:48:54]} Kd8 {[%clk 0:02:32]} 20. Bd2
{[%clk 0:46:56]} Bd3 {[%clk 0:00:54]} 21. Rg1 {[%clk 0:47:19]} g6
{[%clk 0:00:59]} 22. Nf6 {[%clk 0:47:29]} Be7 {[%clk 0:01:07]} 23. Qe3
{[%clk 0:45:41]} Kc7 {[%clk 0:01:07]} 24. h4 {[%clk 0:45:31]} g5 {[%clk 0:01:03]}
25. Be1 {[%clk 0:44:19]} Nd7 {[%clk 0:01:13]} 26. Qc1 {[%clk 0:43:50]} Rb7
{[%clk 0:01:07]} 27. Nh5 {[%clk 0:41:56]} Bg6 {[%clk 0:00:53]} 28. g4
{[%clk 0:40:13]} Be4 {[%clk 0:00:45]} 29. Ng3 {[%clk 0:38:52]} gxh4
{[%clk 0:00:35]} 30. Nxe4 {[%clk 0:39:20]} dxe4 31. Nd2 {[%clk 0:38:42]} Qd5
{[%clk 0:01:25]} 32. f3 {[%clk 0:38:34]} f5 {[%clk 0:00:38]} 33. exf6
{[%clk 0:37:37]} Nxf6 {[%clk 0:01:04]} 34. fxe4 {[%clk 0:38:00]} Qg5
{[%clk 0:00:39]} 35. Bf3 {[%clk 0:35:19]} Qe3 {[%clk 0:01:00]} 36. Rg2
{[%clk 0:33:39]} Rg8 {[%clk 0:00:58]} 37. Bxh4 {[%clk 0:33:00]} Nxe4
{[%clk 0:00:33]} 38. Nxe4 {[%clk 0:30:07]} Qxf3 {[%clk 0:00:35]} 39. Bg3+
{[%clk 0:30:18]} Kc8 {[%clk 0:00:48]} 40. Nf2 {[%clk 0:30:02]} h5
{[%clk 0:01:04]} 41. Qh6 {[%clk 0:28:37]} Nd8 {[%clk 0:01:25]} 42. Qxh5
{[%clk 0:28:30]} Rg5 {[%clk 0:01:00]} 43. Qe8 {[%clk 0:27:14]} Bf6
{[%clk 0:00:42]} 44. a5 {[%clk 0:25:05]} Qxc3 {[%clk 0:01:01]} 45. Rd1
{[%clk 0:25:24]} Qf3 {[%clk 0:00:48]} 46. Qa4 {[%clk 0:24:50]} Qb3
{[%clk 0:00:36]} 47. Qa1 {[%clk 0:24:06]} Rd5 {[%clk 0:00:40]} 48. Ne4
{[%clk 0:15:30]} Rh7+ {[%clk 0:01:07]} 49. Bh2 {[%clk 0:15:12]} Be5
{[%clk 0:01:32]} 50. Nd2 {[%clk 0:10:55]} Qb7 {[%clk 0:00:33]} 51. dxe5
{[%clk 0:10:44]} Rd3 {[%clk 0:00:32]} 52. Nxc4 {[%clk 0:10:25]} Qf3
{[%clk 0:00:33]} 53. Rxd3 {[%clk 0:10:37]} Qxd3 {[%clk 0:01:02]} 54. Nd6+
{[%clk 0:10:24]} Kd7 {[%clk 0:01:30]} 55. Qa4+ {[%clk 0:10:08]} Nc6
{[%clk 0:01:59]} 56. Qe4 {[%clk 0:10:11]} Nxe5 {[%clk 0:02:00]} 57. Qxd3
{[%clk 0:10:19]} Nxd3 {[%clk 0:02:29]} 58. Rd2 {[%clk 0:10:15]} Ne1
{[%clk 0:02:32]} 59. Nc4+ {[%clk 0:10:24]} Ke8 {[%clk 0:02:50]} 60. Ne5
{[%clk 0:10:42]} Rb7 {[%clk 0:03:09]} 61. Bg3 {[%clk 0:10:40]} Rb5
{[%clk 0:03:26]} 62. Re2 {[%clk 0:10:44]} 1-0

[Event "XLI Open Internacional de Barberà del Vallès "A""]
[Site "C/ Torre d’en Gorgs, nº 40, Barberà del Vallès (Barcelona)"]
[Date "2018.07.10"]
[Round "7.7"]
[White "Karthik, Venkataraman"]
[Black "Neelash, Saha"]
[Result "*"]
[WhiteElo "2514"]
[BlackElo "2319"]
[PlyCount "0"]
[EventDate "2018.07.04"]

1. d4 f5 2. Bf4 Nf6 3. e3 d6 4. Nc3 e6 5. Bd3 Nc6 6. Nf3 Nh5 7. Bg5 Be7 8. Bxe7
Nxe7 9. h3 Nd5 10. Ne2 Nb4 11. Bc4 Nf6 12. a3 Nc6 13. Nf4 Qe7 14. d5 exd5 15.
Nxd5 Nxd5 16. Bxd5 Ne5 17. Qd4 c6 18. Ba2 Nxf3+ 19. gxf3 Qe5 20. Qb4 Qc5 21. Qf4
Qe5 22. O-O-O Qxf4 23. exf4 Bd7 24. Rxd6 O-O-O 25. Re1 Rhe8 26. Re5 Rxe5 27. fxe5
f4 28. h4 Be8 29. Be6+ Kc7 30. Rxd8 Kxd8 31. Kd2 Ke7 32. Bf5 h6 33. Kd3 g5 34.
hxg5 hxg5 35. Kd4 Bh5 36. Be4 Kd7 37. b4 Bf7 38. Bf5+ Ke7 39. c4 Bh5 40. Bg4 Bf7
41. a4 b6 42. c5 bxc5+ 43. Kxc5 Bb3 44. Kxc6 Bxa4+ 45. Kb7 Kd8 46. Kxa7 Kc7 47.
Ka6 {[%clk 0:52:07]} 1-0

[Event "XLI Open Internacional de Barberà del Vallès "A""]
[Site "C/ Torre d’en Gorgs, nº 40, Barberà del Vallès (Barcelona)"]
[Date "2018.07.10"]
[Round "7.8"]
[White "Sauravh, Khherdekar"]
[Black "Stella, Andrea"]
[Result "*"]
[WhiteElo "2239"]
[BlackElo "2504"]
[PlyCount "0"]
[EventDate "2018.07.04"]

1. d4 {[%clk 1:30:57]} d5 2. c4 {[%clk 1:30:43]} e6 {[%clk 1:31:06]} 3. Nf3
{[%clk 1:30:54]} Nf6 {[%clk 1:31:23]} 4. g3 {[%clk 1:31:23]} dxc4
{[%clk 1:31:12]} 5. Bg2 {[%clk 1:31:06]} c5 {[%clk 1:31:25]} 6. O-O
{[%clk 1:30:54]} Nc6 7. Qa4 Bd7 {[%clk 1:31:43]} 8. Qxc4 {[%clk 1:30:43]} b5
{[%clk 1:32:28]} 9. Qd3 {[%clk 1:30:10]} c4 {[%clk 1:32:52]} 10. Qd1
{[%clk 1:29:16]} Rc8 {[%clk 1:32:48]} 11. Bg5 {[%clk 1:22:02]} Be7
{[%clk 1:27:29]} 12. Nc3 {[%clk 1:14:40]} a6 {[%clk 1:26:03]} 13. Ne5
{[%clk 1:01:39]} O-O {[%clk 1:15:26]} 14. e3 Be8 15. Nxc6 {[%clk 1:01:02]} Bxc6
{[%clk 1:15:45]} 16. Bxc6 {[%clk 1:01:27]} Rxc6 {[%clk 1:16:11]} 17. Qf3 Rc7
{[%clk 1:03:41]} 18. Bxf6 {[%clk 0:57:48]} Bxf6 {[%clk 0:58:25]} 19. Rfd1
{[%clk 0:55:52]} b4 {[%clk 0:57:46]} 20. Ne4 {[%clk 0:51:17]} Be7 21. d5
{[%clk 0:51:19]} exd5 {[%clk 0:57:10]} 22. Rxd5 {[%clk 0:51:36]} Qxd5 23. Nf6+
Bxf6 {[%clk 0:56:56]} 24. Qxd5 {[%clk 0:52:02]} Bxb2 {[%clk 0:57:22]} 25. Rb1
{[%clk 0:49:44]} c3 {[%clk 0:55:49]} 26. Qb3 c2 {[%clk 0:51:20]} 27. Qxb2
{[%clk 0:50:05]} cxb1=Q+ {[%clk 0:52:09]} 28. Qxb1 {[%clk 0:50:27]} a5
{[%clk 0:49:08]} 29. Qf5 {[%clk 0:46:11]} Ra8 {[%clk 0:49:08]} 30. Qb5 Rcc8 31.
h4 {[%clk 0:43:29]} Rcb8 {[%clk 0:49:32]} 32. Qa4 {[%clk 0:43:49]} h5
{[%clk 0:50:25]} 33. Kg2 {[%clk 0:43:30]} g6 {[%clk 0:49:47]} 34. Kf3
{[%clk 0:42:53]} Rb6 {[%clk 0:48:33]} 35. e4 {[%clk 0:40:29]} Re6 36. Qb5
{[%clk 0:40:41]} Rae8 {[%clk 0:44:31]} 37. Qxa5 {[%clk 0:40:41]} Rxe4
{[%clk 0:42:24]} 38. Qb5 {[%clk 0:35:38]} R4e5 39. Qc4 {[%clk 0:32:30]} Ra5
{[%clk 0:40:19]} 40. g4 {[%clk 0:31:19]} Rea8 {[%clk 0:35:18]} 41. gxh5
{[%clk 0:30:27]} Rxh5 {[%clk 0:33:31]} 42. Kg4 {[%clk 0:27:24]} Ra3
{[%clk 0:32:40]} 43. f3 {[%clk 0:25:57]} Rf5 {[%clk 0:32:15]} 44. Qxb4
{[%clk 0:23:25]} Rxa2 {[%clk 0:31:41]} 45. Kg3 {[%clk 0:22:31]} Raa5
{[%clk 0:31:37]} 46. Qb3 {[%clk 0:22:43]} Kg7 {[%clk 0:31:22]} 47. Qc3+
{[%clk 0:21:14]} Kh7 {[%clk 0:29:23]} 48. Qb2 {[%clk 0:15:08]} Ra6
{[%clk 0:25:23]} 49. h5 {[%clk 0:15:16]} Rxh5 50. Kg4 Rf5 {[%clk 0:25:11]} 51.
Qh2+ {[%clk 0:15:39]} Kg7 0-1

[Event "XLI Open Internacional de Barberà del Vallès "A""]
[Site "C/ Torre d’en Gorgs, nº 40, Barberà del Vallès (Barcelona)"]
[Date "2018.07.10"]
[Round "7.10"]
[White "Himanshu, Sharma"]
[Black "Cori Quispe, Kevin Joel"]
[Result "*"]
[WhiteElo "2420"]
[BlackElo "2487"]
[PlyCount "0"]
[EventDate "2018.07.04"]

1. e4 {[%clk 1:30:56]} e5 {[%clk 1:24:58]} 2. Nf3 {[%clk 1:31:17]} Nc6
{[%clk 1:25:18]} 3. Bb5 {[%clk 1:31:39]} a6 {[%clk 1:25:43]} 4. Bxc6
{[%clk 1:31:18]} dxc6 {[%clk 1:26:06]} 5. O-O {[%clk 1:31:30]} f6
{[%clk 1:25:45]} 6. d4 {[%clk 1:31:52]} Bg4 {[%clk 1:25:42]} 7. dxe5
{[%clk 1:31:15]} Qxd1 {[%clk 1:25:45]} 8. Rxd1 {[%clk 1:31:42]} fxe5
{[%clk 1:26:01]} 9. Nbd2 {[%clk 1:31:51]} O-O-O {[%clk 1:25:56]} 10. Re1
{[%clk 1:32:16]} Bd6 {[%clk 1:26:07]} 11. h3 {[%clk 1:32:09]} Bh5
{[%clk 1:26:22]} 12. Nh4 {[%clk 1:31:04]} Nf6 {[%clk 1:25:15]} 13. Nf5
{[%clk 1:24:05]} Bb4 {[%clk 1:18:37]} 14. c3 {[%clk 1:23:11]} Bf8
{[%clk 1:18:58]} 15. Nc4 {[%clk 1:19:38]} Re8 {[%clk 1:18:00]} 16. Bg5
{[%clk 1:15:06]} Nd7 {[%clk 1:17:14]} 17. f3 {[%clk 1:11:13]} Bf7
{[%clk 1:15:39]} 18. Na5 {[%clk 1:10:20]} h6 {[%clk 1:07:05]} 19. Bh4
{[%clk 1:10:03]} Be6 {[%clk 1:04:58]} 20. Ne3 {[%clk 1:05:35]} Nc5
{[%clk 1:00:38]} 21. b3 {[%clk 0:53:23]} Nd3 {[%clk 0:56:31]} 22. Red1
{[%clk 0:53:41]} Nf4 {[%clk 0:56:48]} 23. Kf1 {[%clk 0:53:06]} Bc5
{[%clk 0:51:26]} 24. Bf2 {[%clk 0:51:54]} Be7 {[%clk 0:45:47]} 25. Nac4
{[%clk 0:45:27]} Bf6 {[%clk 0:45:07]} 26. h4 {[%clk 0:42:16]} Rd8
{[%clk 0:43:34]} 27. g3 {[%clk 0:34:40]} Ng6 {[%clk 0:40:30]} 28. h5
{[%clk 0:33:37]} Ne7 {[%clk 0:40:48]} 29. Rxd8+ {[%clk 0:33:27]} Rxd8
{[%clk 0:41:05]} 30. Ke2 {[%clk 0:33:36]} b5 {[%clk 0:38:35]} 31. Nb2
{[%clk 0:33:23]} Bf7 {[%clk 0:24:29]} 32. g4 {[%clk 0:25:01]} c5 {[%clk 0:21:23]}
33. Nd3 {[%clk 0:25:08]} c4 {[%clk 0:21:16]} 34. bxc4 {[%clk 0:25:08]} bxc4
{[%clk 0:21:37]} 35. Nb2 {[%clk 0:24:25]} g6 {[%clk 0:22:00]} 36. Rh1
{[%clk 0:23:10]} gxh5 {[%clk 0:18:08]} 37. gxh5 {[%clk 0:23:36]} Bg5
{[%clk 0:18:04]} 38. Nbxc4 {[%clk 0:20:32]} Nc6 {[%clk 0:18:17]} 39. a3
{[%clk 0:17:56]} Rg8 {[%clk 0:11:00]} 40. Nb2 {[%clk 0:17:13]} Bxe3
{[%clk 0:07:13]} 41. Kxe3 {[%clk 0:13:52]} Rg5 {[%clk 0:07:32]} 42. Nd3
{[%clk 0:11:55]} a5 {[%clk 0:06:48]} 43. Bh4 {[%clk 0:10:35]} Rxh5
{[%clk 0:05:58]} 44. Nf2 {[%clk 0:10:25]} Kd7 {[%clk 0:04:49]} 45. Ng4
{[%clk 0:08:33]} Ke6 {[%clk 0:05:14]} 46. Rh2 a4 {[%clk 0:04:10]} 47. Kd3
{[%clk 0:07:50]} Be8 {[%clk 0:03:17]} 48. Kc4 {[%clk 0:07:36]} Nb8
{[%clk 0:01:57]} 49. Ne3 {[%clk 0:06:49]} Nd7 {[%clk 0:00:35]} 50. Nf1
{[%clk 0:06:41]} Nf8 {[%clk 0:00:36]} 51. Ng3 {[%clk 0:07:02]} Nh7
{[%clk 0:00:37]} 52. Nxh5 {[%clk 0:05:48]} Bxh5 {[%clk 0:01:02]} 53. Bd8
{[%clk 0:05:32]} 1-0